| 000 | 00516nam a2200205Ia 4500 | ||
|---|---|---|---|
| 003 | GCL | ||
| 008 | 140319s9999 xx 000 0 eng d | ||
| 020 | _a0153120460 | ||
| 040 |
_aGCL / _cGCL |
||
| 082 | 0 | 4 |
_aCH _b370.1 _bS C |
| 100 | 1 | _aHIDDEN, SURPRISES | |
| 245 | 1 | 0 |
_aCOLLECTIONS / _cHIDDEN, SURPRISES |
| 260 |
_a[S.N] : _bHARCORT SCHOOL PUBLISHERS ، _c2001 |
||
| 300 |
_a30 CM ؛ _c373 P |
||
| 650 | 0 | 4 | _aWATER WORKS |
| 650 | 0 | 4 | _aWORKING |
| 650 | 0 | 4 | _aSTORYTELLING |
| 650 | 0 | 4 | _aMAGNETS |
| 942 |
_2ddc _cBK |
||
| 999 |
_c7734 _d7734 |
||